| 000 | 00538nam a22002177a 4500 | ||
|---|---|---|---|
| 003 | OSt | ||
| 005 | 20210414101611.0 | ||
| 008 | 210311s1979 ||||| |||| 00| 0 eng d | ||
| 020 | _a0140441077 | ||
| 040 |
_aeng _beng _cDLC |
||
| 041 |
_aeng _hita |
||
| 080 |
_a32 _bM-13 |
||
| 100 |
_91377 _aMachiavelli, Niccolo |
||
| 245 |
_aThe Prince _c/ by: Penguin Books |
||
| 260 |
_aNew York _bPenguin Books _c1979 |
||
| 300 | _a154 p. | ||
| 365 | _b1.50 usd | ||
| 650 | 0 |
_9443 _aPolitics |
|
| 653 | _aპოლიტიკა | ||
| 942 |
_2udc _cBK |
||
| 999 |
_c2146 _d2146 |
||